00306nam a2200133Ia 45000030006000000080041000060400015000471000012000622450039000742500010001132600020001235460012001430050017001550STCL150530s9999 xx 000 0 und d aSTCLcSTCL aLongley aNo continuing city poems 1963-1968 aFirst bMacmillanc1969 aEnglish20220125170929.0